<?xml version="1.0" encoding="UTF-8"?>
<collection xmlns="http://www.loc.gov/MARC21/slim">
<record>
  <controlfield tag="001">171204</controlfield>
  <controlfield tag="005">20260515163945.0</controlfield>
  <datafield tag="024" ind1="7" ind2=" ">
    <subfield code="2">doi</subfield>
    <subfield code="a">10.1016/j.hrtlng.2026.102795</subfield>
  </datafield>
  <datafield tag="024" ind1="8" ind2=" ">
    <subfield code="2">sideral</subfield>
    <subfield code="a">149244</subfield>
  </datafield>
  <datafield tag="037" ind1=" " ind2=" ">
    <subfield code="a">ART-2026-149244</subfield>
  </datafield>
  <datafield tag="041" ind1=" " ind2=" ">
    <subfield code="a">eng</subfield>
  </datafield>
  <datafield tag="100" ind1=" " ind2=" ">
    <subfield code="a">Martínez Mihara, Mónica Sachi</subfield>
  </datafield>
  <datafield tag="245" ind1=" " ind2=" ">
    <subfield code="a">Management of patients with COPD in the emergency department and treatment compliance with clinical guideline recommendations at discharge</subfield>
  </datafield>
  <datafield tag="260" ind1=" " ind2=" ">
    <subfield code="c">2026</subfield>
  </datafield>
  <datafield tag="520" ind1="3" ind2=" ">
    <subfield code="a">Background
Chronic obstructive pulmonary disease (COPD) exacerbations are a frequent cause of emergency department visits and are associated with high morbidity, mortality, and healthcare costs. These visits represent an opportunity to optimize patient management and align treatment with guideline recommendations, particularly regarding inhaled triple therapy.

Objectives
To describe the clinical characteristics and management of COPD patients in the emergency department and to identify factors associated with inhaled triple therapy prescription at discharge.

Methods
Retrospective observational study including patients aged >18 years attended at the emergency department of the Hospital Clínico Universitario (Zaragoza, Spain) between July and December 2022, with a diagnosis of COPD exacerbation at discharge. Demographic, clinical, laboratory, and therapeutic variables were analyzed. Logistic regression identified independent predictors of inhaled triple therapy prescription at discharge.

Results
A total of 227 patients were included (mean age: 74.4 years; 70.9% male). Most (93.4%) had a prior COPD diagnosis, and 41.0% were already on maintenance inhaled triple therapy. At discharge, inhaled triple therapy was prescribed in 53.8% of the cases. Independent variables associated with triple therapy prescription included prior use of inhaled triple therapy (odds ratio [OR]:9.4), long-term home oxygen therapy (OR:4.3), and influenza vaccination (OR:3.1). Six months after discharge, 36.0% of patients required hospital admission for COPD exacerbation.

Conclusions
One-third of COPD patients discharged from the emergency department do not receive guideline-recommended inhaled triple therapy. Interventions aimed at standardizing and optimizing emergency department management are needed to improve adherence to clinical guidelines and improve patient outcomes.</subfield>
  </datafield>
  <datafield tag="506" ind1="0" ind2=" ">
    <subfield code="a">Access copy available to the general public</subfield>
    <subfield code="f">Unrestricted</subfield>
  </datafield>
  <datafield tag="540" ind1=" " ind2=" ">
    <subfield code="9">info:eu-repo/semantics/openAccess</subfield>
    <subfield code="a">by</subfield>
    <subfield code="u">https://creativecommons.org/licenses/by/4.0/deed.es</subfield>
  </datafield>
  <datafield tag="655" ind1=" " ind2="4">
    <subfield code="a">info:eu-repo/semantics/article</subfield>
    <subfield code="v">info:eu-repo/semantics/publishedVersion</subfield>
  </datafield>
  <datafield tag="700" ind1=" " ind2=" ">
    <subfield code="a">Pérez Pañart, Isabel</subfield>
  </datafield>
  <datafield tag="700" ind1=" " ind2=" ">
    <subfield code="a">Sánchez Salamero, María</subfield>
  </datafield>
  <datafield tag="700" ind1=" " ind2=" ">
    <subfield code="a">Campos Picontó, Eva</subfield>
  </datafield>
  <datafield tag="700" ind1=" " ind2=" ">
    <subfield code="a">Canales Villa, Sara Patricia</subfield>
  </datafield>
  <datafield tag="700" ind1=" " ind2=" ">
    <subfield code="a">Latorre, Víctor</subfield>
  </datafield>
  <datafield tag="700" ind1=" " ind2=" ">
    <subfield code="a">Sáenz Abad, Daniel</subfield>
    <subfield code="u">Universidad de Zaragoza</subfield>
    <subfield code="0">(orcid)0000-0003-1359-6424</subfield>
  </datafield>
  <datafield tag="710" ind1="2" ind2=" ">
    <subfield code="1">1007</subfield>
    <subfield code="2">610</subfield>
    <subfield code="a">Universidad de Zaragoza</subfield>
    <subfield code="b">Dpto. Medicina, Psiqu. y Derm.</subfield>
    <subfield code="c">Area Medicina</subfield>
  </datafield>
  <datafield tag="773" ind1=" " ind2=" ">
    <subfield code="g">79, 7 (2026), 102795</subfield>
    <subfield code="p">Heart lung</subfield>
    <subfield code="t">HEART &amp; LUNG</subfield>
    <subfield code="x">0147-9563</subfield>
  </datafield>
  <datafield tag="856" ind1="4" ind2=" ">
    <subfield code="s">582837</subfield>
    <subfield code="u">http://zaguan.unizar.es/record/171204/files/texto_completo.pdf</subfield>
    <subfield code="y">Versión publicada</subfield>
  </datafield>
  <datafield tag="856" ind1="4" ind2=" ">
    <subfield code="s">2261984</subfield>
    <subfield code="u">http://zaguan.unizar.es/record/171204/files/texto_completo.jpg?subformat=icon</subfield>
    <subfield code="x">icon</subfield>
    <subfield code="y">Versión publicada</subfield>
  </datafield>
  <datafield tag="909" ind1="C" ind2="O">
    <subfield code="o">oai:zaguan.unizar.es:171204</subfield>
    <subfield code="p">articulos</subfield>
    <subfield code="p">driver</subfield>
  </datafield>
  <datafield tag="951" ind1=" " ind2=" ">
    <subfield code="a">2026-05-15-14:55:00</subfield>
  </datafield>
  <datafield tag="980" ind1=" " ind2=" ">
    <subfield code="a">ARTICLE</subfield>
  </datafield>
</record>
</collection>